ផែនការថ្លៃដើមឈើអារក្នងុស្រុក របស់សហគ្រាសកូឡិចស៊ីម (Record no. 3132)

000 -LEADER
fixed length control field 00516nam a22001577a 4500
003 - CONTROL NUMBER IDENTIFIER
control field OSt
005 - DATE AND TIME OF LATEST TRANSACTION
control field 20151104153217.0
008 - FIXED-LENGTH DATA ELEMENTS--GENERAL INFORMATION
fixed length control field 151104b xxu||||| |||| 00| 0 eng d
040 ## - CATALOGING SOURCE
Transcribing agency RUA
082 ## - DEWEY DECIMAL CLASSIFICATION NUMBER
Classification number FOR ឡាំ 1992 B117 Or.1
100 ## - MAIN ENTRY--PERSONAL NAME
9 (RLIN) 3357
Personal name ឡាំ វ៉ៃ
245 ## - TITLE STATEMENT
Title ផែនការថ្លៃដើមឈើអារក្នងុស្រុក របស់សហគ្រាសកូឡិចស៊ីម
260 ## - PUBLICATION, DISTRIBUTION, ETC. (IMPRINT)
Place of publication, distribution, etc. Phnom Penh
Name of publisher, distributor, etc. RUA
Date of publication, distribution, etc. 1992
300 ## - PHYSICAL DESCRIPTION
Extent 83p.
Other physical details ill.
Dimensions 29cm
942 ## - ADDED ENTRY ELEMENTS (KOHA)
Source of classification or shelving scheme
Koha item type FOR
Holdings
Price effective from Date last seen Permanent Location Not for loan Date acquired Source of classification or shelving scheme Koha item type Barcode Lost status Damaged status Shelving location Withdrawn status Current Location Full call number
2015-11-042015-11-04Library Block B 2015-11-04 FORRUA026235  B117 Library Block BFOR ឡាំ 1992 B117 Or.1
2015-11-042015-11-04Library Block B 2015-11-04 FORRUA027967  B117 Library Block BFOR ឡាំ 1992 B117 Or.2
មជ្ឈមណ្ឌលឯការនៃសាកលវិទ្យាល័យភូមិន្ទកសិកម្មចំការដូង

Powered by Koha